|
|
|
|
| LEADER |
00000naa2a2200000 4500 |
| 001 |
629490 |
| 005 |
20241017091723.0 |
| 035 |
|
|
|a (RuTPU)RU\TPU\conf\30130
|
| 035 |
|
|
|a RU\TPU\conf\30129
|
| 090 |
|
|
|a 629490
|
| 100 |
|
|
|a 20190716d2019 k y0rusy50 ca
|
| 101 |
0 |
|
|a rus
|
| 102 |
|
|
|a RU
|
| 105 |
|
|
|a y z 101zy
|
| 135 |
|
|
|a drcn ---uucaa
|
| 181 |
|
0 |
|a i
|
| 182 |
|
0 |
|a b
|
| 200 |
1 |
|
|a Применение математического моделирования для исследования процесса сульфирования линейных алкилбензолов
|f А. А. Солопова, И. М. Долганов, М. А. Пасюкова
|g науч. рук. И. М. Долганов
|
| 203 |
|
|
|a Текст
|c электронный
|
| 225 |
1 |
|
|a Технология и моделирование процессов подготовки и переработки углеводородного сырья
|
| 300 |
|
|
|a Заглавие с экрана
|
| 320 |
|
|
|a [Библиогр.: с. 393 (3 назв.)]
|
| 463 |
|
0 |
|0 (RuTPU)RU\TPU\conf\29907
|t Химия и химическая технология в XXI веке
|o материалы XX Международной научно-практической конференции имени профессора Л. П. Кулёва студентов и молодых ученых, 20–23 мая 2019 г., г. Томск
|f Национальный исследовательский Томский политехнический университет
|v [С. 392-393]
|d 2019
|
| 610 |
1 |
|
|a электронный ресурс
|
| 610 |
1 |
|
|a труды учёных ТПУ
|
| 610 |
1 |
|
|a математическое моделирование
|
| 610 |
1 |
|
|a сульфирование
|
| 610 |
1 |
|
|a линейные алкилбензолы
|
| 610 |
1 |
|
|a алкилирование
|
| 700 |
|
1 |
|a Солопова
|b А. А.
|c химик-технолог
|c инженер Томского политехнического университета
|f 1994-
|g Анастасия Александровна
|y Томск
|3 (RuTPU)RU\TPU\pers\46603
|9 22261
|
| 701 |
|
1 |
|a Долганов
|b И. М.
|c химик-технолог
|c доцент Томского политехнического университета, кандидат технических наук
|f 1987-
|g Игорь Михайлович
|3 (RuTPU)RU\TPU\pers\25930
|9 11781
|
| 701 |
|
1 |
|a Пасюкова
|b М. А.
|
| 702 |
|
1 |
|a Долганов
|b И. М.
|c химик-технолог
|c инженер Томского политехнического университета
|f 1987-
|g Игорь Михайлович
|4 727
|
| 712 |
0 |
2 |
|a Национальный исследовательский Томский политехнический университет (ТПУ)
|c (2009- )
|3 (RuTPU)RU\TPU\col\15902
|
| 801 |
|
2 |
|a RU
|b 63413507
|c 20201002
|g RCR
|
| 856 |
4 |
|
|u http://earchive.tpu.ru/handle/11683/55654
|
| 942 |
|
|
|c BK
|